Zamestnanosť a podpora podnikateľského prostredia diplomová práca

Gespeichert in:
Bibliographische Detailangaben
1. Verfasser: Peterková, Michaela
Körperschaft: Národohospodárska fakulta EU. Katedra sociálneho rozvoja a práce
Weitere Verfasser: Rievajová, Eva
Format: Buch
Sprache:Slowakisch
Veröffentlicht: Bratislava 2015
Tags: Tag hinzufügen
Keine Tags, Fügen Sie das erste Tag hinzu!

MARC

LEADER 00000nbm a2200000 4500
001 0205814
005 20161205102800.3
041 0 |a slo 
044 |a SK 
245 1 0 |a Zamestnanosť a podpora podnikateľského prostredia  |b diplomová práca  |c Michaela Peterková ; školiteľ: Eva Rievajová 
264 1 |a Bratislava  |c 2015 
300 |a 89 s. 
100 1 |a Peterková, Michaela 
700 1 |a Rievajová, Eva 
710 2 |a Národohospodárska fakulta EU. Katedra sociálneho rozvoja a práce